000 00932nam a2200253Ia 4500
999 _c4367
_d4367
003 OSt
005 20200605134728.0
008 191128s1968 ck gr 000 0 spa d
040 _aCO-JMCR
_cCO-JMCR
041 1 _aspa
_hda
082 0 4 _a330.1 /
_bM392c
_223
100 1 _aMarx, Karl,
_eautor
_95025
245 1 0 _aContribución a la crítica de la economía política /
_cKarl Marx ; traducido por Moises Melo
260 _aMedellín :
_bOveja Negra,
_c1968
300 _a227 páginas
_c19 cm.
490 0 _aSerie naranja ;
_v1
520 _aLa contribución a la crítica de la economía política, que inicia nuestra serie naranja, señala el comienzo de la madurez del pensamiento de Marx.
534 _pZur kritik der politischen oekonomie
546 _aTraducido del alemán
650 1 4 _aCapital Economía
_95026
650 2 4 _aTeoría económica
_95027
700 1 _aMelo, Moises,
_etraductor
_95028
942 _2ddc
_cBK